00695nam a2200241 a 4500001001300000003000900013005001700022008004100039020001000080082001300090100002000103245006000123260003200183300000900215500003500224505001000259650002100269700002000290902000800310942000700318952011300325999001500438nice12345678IN_TiNIC20260116011545.0050524s1955 u sa grp 000 0 eng  ac10000a297bSCH aSchroeder, Eric aMuhammad`s Peopleb an Anthology of Muslim Civilization aU S abEric Schroederc1955 a838p aincludes index and biblioraphy2 aIndex aIslam-Miscellany1 aSchroeder, Eric bSRS cBK 001040708StackRoom-aHMIbHMId2007-07-30g100.00l0o297 SCHp00453r2007-07-30v100.00w2005-05-24yBK c2598d2598